000 00838nam a2200265 i 4500
001 C2-0201548
003 PPAK
005 20180728100816.0
008 990213s1996 enk |||| ||||| | eng d
020 _a0415124468
040 _aPPAK
_beng
_cPPAK
_erda
082 0 4 _a337.51052
_2 23
090 0 0 _a337.51052
_bTAY
_dR
100 1 _aTaylor, Robert,
_d1941-
_eauthor
245 1 0 _aGreat China and Japan :
_bprospects for an economic partnership in East Asia
264 1 _aLondon :
_bRoutledge ,
_c1996
300 _aviii, 215 pages ;
_c22 cm
336 _2rdacontent
_atext
337 _2rdamedia
_aunmediated
338 _2rdacarrier
_avolume
490 1 _aRoutledge in Asia
650 1 0 _aChina - Foreign economis relations - Japan ; Japan - Foreign economics relations - China
830 0 _aRoutledge in Asia
942 _ddc
_cB
999 _c157108
_d157108